<?xml version="1.0" encoding="UTF-8"?>
<record
    xmlns:xsi="http://www.w3.org/2001/XMLSchema-instance"
    xsi:schemaLocation="http://www.loc.gov/MARC21/slim http://www.loc.gov/standards/marcxml/schema/MARC21slim.xsd"
    xmlns="http://www.loc.gov/MARC21/slim">

  <leader>01620    a2200217   4500</leader>
  <controlfield tag="003">Nust</controlfield>
  <controlfield tag="005">20221010140421.0</controlfield>
  <datafield tag="010" ind1=" " ind2=" ">
    <subfield code="a">   73003892</subfield>
  </datafield>
  <datafield tag="020" ind1=" " ind2=" ">
    <subfield code="a">002344360X</subfield>
  </datafield>
  <datafield tag="040" ind1=" " ind2=" ">
    <subfield code="c">Nust</subfield>
  </datafield>
  <datafield tag="082" ind1="0" ind2="0">
    <subfield code="a">540,GOL</subfield>
  </datafield>
  <datafield tag="100" ind1="1" ind2=" ">
    <subfield code="a">Goldberg, David E.</subfield>
    <subfield code="9">56465</subfield>
  </datafield>
  <datafield tag="245" ind1="1" ind2="0">
    <subfield code="a">College chemistry</subfield>
    <subfield code="c">[by] David E. Goldberg [and] Clyde R. Dillard.</subfield>
  </datafield>
  <datafield tag="260" ind1=" " ind2=" ">
    <subfield code="a">New York,</subfield>
    <subfield code="b">Macmillan</subfield>
    <subfield code="c">[1974]</subfield>
  </datafield>
  <datafield tag="300" ind1=" " ind2=" ">
    <subfield code="a">xviii, 634 p.</subfield>
    <subfield code="b">illus.</subfield>
    <subfield code="c">23 cm.</subfield>
  </datafield>
  <datafield tag="490" ind1="0" ind2=" ">
    <subfield code="a">A Series of books in chemistry</subfield>
  </datafield>
  <datafield tag="505" ind1=" " ind2=" ">
    <subfield code="a">Introduction   (Page-1), Chemical Formulas    (Page-31), Stoichiometry    (Page-55), Gases    (Page-77), Energy Relationship in Chemical Reactions    (Page-92), Oxidation and Reduction    (Page-118), Electrochemistry    (Page-133), Experimental Basis for the Atomic Theory    (Page-159), Electronic Structure of the Atom    (Page-185), Chemical Bonding    (Page-210), Some Relationships Between Properties and Structure    (Page-243), Kinetics and Equilibria    (Page-276),Acid Base Equilibria in Aqueous  Solution   (Page-294), Further Concepts of Equilibrium    (Page-316), Trends Towards Equilibrium    (Page-333),  The Kinetic Molecular Theory    (Page-247), Collision Theory of Reaction Rates    (Page-363), Liquids    (Page-375),  Solutions    (Page-388),Crystalline Solids, Metals and Metallurgy    (Page-414), Coordination Compounds    (Page-446), Nuclear Chemistry and Radiochemistry    (Page-474), Chemistry of the Nonmetals    (Page-497), Compounds of the Metals    (Page-542), Organic Chemistry and Biochemistry    (Page-571).</subfield>
  </datafield>
  <datafield tag="650" ind1=" " ind2="0">
    <subfield code="a">Chemistry.</subfield>
  </datafield>
  <datafield tag="700" ind1="1" ind2=" ">
    <subfield code="a">Dillard, Clyde R.,</subfield>
    <subfield code="d">1920-</subfield>
    <subfield code="9">99696</subfield>
  </datafield>
  <datafield tag="942" ind1=" " ind2=" ">
    <subfield code="2">ddc</subfield>
    <subfield code="c">BK</subfield>
  </datafield>
  <datafield tag="999" ind1=" " ind2=" ">
    <subfield code="c">183315</subfield>
    <subfield code="d">183315</subfield>
  </datafield>
  <datafield tag="952" ind1=" " ind2=" ">
    <subfield code="0">0</subfield>
    <subfield code="1">0</subfield>
    <subfield code="2">ddc</subfield>
    <subfield code="4">0</subfield>
    <subfield code="7">0</subfield>
    <subfield code="a">MCS</subfield>
    <subfield code="b">MCS</subfield>
    <subfield code="c">GEN</subfield>
    <subfield code="d">2016-12-12</subfield>
    <subfield code="o">540,GOL</subfield>
    <subfield code="p">MCS7107</subfield>
    <subfield code="r">2016-12-08</subfield>
    <subfield code="w">2016-12-12</subfield>
    <subfield code="y">BK</subfield>
    <subfield code="z">Almirah No.25, Shelf No.1</subfield>
  </datafield>
</record>
